000 00966nam a2200289 a 4500
001 000022825
005 20250715131054.0
008 101119s2002 mx r 000 0 spa d
020 _a9682324157
040 _aDO-SdBNP
_bspa
_cBNPHU
082 _a363.7
_bG125p
100 1 _aGadotti, Moacir,
_d1941-
_946907
240 1 0 _apedagogia da terra.
_lEspañol.
245 1 0 _aPedagogía de la tierra /
_cMoacir Gadotti ; traducción de Eduardo Lucio Molina y Vedia.
260 _aMéxico :
_bSiglo Veintiuno Editores,
_c2002.
300 _a195 p. ;
_c22 cm.
490 1 _aEducación
504 _aIncluye referencias bibliográficas: p. 185-192
534 _aTíulo original:
_tpedagogia da terra.
650 0 _aEducación ambiental
_93422
650 0 _aMedio ambiente
_99250
650 4 _aDesarrollo sostenible
_9901
650 4 _aEcología social
_926311
700 1 _aMolina y Vedia, Eduardo Lucio
_etr.
_946908
830 0 _aEducación
_910928
049 _aBNGR
999 _c22322
_d22322